| 000 | 00563nam a22001937a 4500 | ||
|---|---|---|---|
| 003 | OSt | ||
| 005 | 20180116183042.0 | ||
| 008 | 160224b xxu||||| |||| 00| 0 eng d | ||
| 020 | _a18-012-89-1 | ||
| 024 | _218-012-89-1 | ||
| 040 | _cLahore University of Management Sciences | ||
| 082 | _a174.4 LUM 1989 | ||
| 100 | _aHASSAN S Z, JAMIL N | ||
| 245 |
_aPOF HOSPITAL HASSAN S Z, JAMIL N _cHASSAN S Z, JAMIL N |
||
| 260 |
_aLahore _bLahore University of Management Sciences _c1989 |
||
| 300 |
_a10 p. _bPapers |
||
| 440 | _aPOF HOSPITAL | ||
| 942 |
_2ddc _cCS |
||
| 999 |
_c351303 _d351303 |
||